Amor por mientras y para siempre : (Registro nro. 2603)

Detalles MARC
000 -LEADER
campo de control de longitud fija 00645nam a22002057a 4500
001 - NÚMERO DE CONTROL
campo de control 2603
003 - IDENTIFICADOR DE NÚMERO DE CONTROL
campo de control HMS
005 - FECHA Y HORA DE LA ÚLTIMA TRANSACCIÓN
campo de control 20250721144502.0
008 - DATOS DE LONGITUD FIJA--INFORMACIÓN GENERAL
campo de control de longitud fija 250721e2025 cl a|||gr|||| 001 p spa
020 ## - NÚMERO INTERNACIONAL ESTÁNDAR DEL LIBRO
Número Internacional Estándar del Libro 7989560954534
040 ## - FUENTE DE CATALOGACIÓN
Centro catalogador/agencia de origen hms
Lengua de catalogación spa
Centro/agencia transcriptor hms
082 04 - NÚMERO DE LA CLASIFICACIÓN DECIMAL DEWEY
Número de clasificación Ch861
Número de ítem C454
100 1# - ENTRADA PRINCIPAL--NOMBRE DE PERSONA
Nombre de persona Chana-Cuevas, Pedro,
Fechas asociadas al nombre 1962-
9 (RLIN) 3736
245 10 - MENCIÓN DEL TÍTULO
Título Amor por mientras y para siempre :
Resto del título poemario una y varias historias de amor /
Mención de responsabilidad, etc. Pedro Chana
250 ## - MENCION DE EDICION
Mención de edición Primera edición : enero 2025
260 ## - PUBLICACIÓN, DISTRIBUCIÓN, ETC.
Lugar de publicación, distribución, etc. Santiago de Chile :
Nombre del editor, distribuidor, etc. Gráfica Lom,
Fecha de publicación, distribución, etc. 2025
300 ## - DESCRIPCIÓN FÍSICA
Extensión 67 páginas :
Otras características físicas ilustraciones ;
Dimensiones 23 cm.
650 #7 - PUNTO DE ACCESO ADICIONAL DE MATERIA--TÉRMINO DE MATERIA
Término de materia o nombre geográfico como elemento de entrada Poesías chilenas
9 (RLIN) 3737
942 ## - ELEMENTOS DE ENTRADA SECUNDARIOS (KOHA)
Fuente del sistema de clasificación o colocación Clasificación Decimal Dewey
Tipo de ítem Koha Colección General
Suprimir en OPAC No
Existencias
Estatus retirado Estado de pérdida Fuente del sistema de clasificación o colocación Estado de daño No para préstamo Colección Biblioteca de origen Biblioteca actual Ubicación en estantería Fecha de adquisición Fuente de adquisición Número de inventario Total de préstamos Signatura topográfica completa Código de barras Visto por última vez Copia número Precio de reemplazo Tipo de ítem Koha
    Clasificación Decimal Dewey     Colección General Biblioteca Hospital Militar de Santiago Biblioteca Hospital Militar de Santiago Full Space 11/07/2025 Donación BCN 001855   Ch861 C454 2025 001855 21/07/2025 c.1 21/07/2025 Colección General


Biblioteca Hospital Militar de Santiago / Av. Alcalde Fernando Castillo Velasco 9100
Teléfono: 22 331 7229 / E-mail: biblioteca@hms.cl
Horarios de Atención
Lunes a Viernes de: 08:00 a 13:00 hrs / 14:00 a 17:00 hrs